Decision Support and Geographical Information Systems

Salvato in:
Dettagli Bibliografici
Autore principale: Fedra, Kurt
Altri autori: Reitsma, René F.
Natura: Libro
Lingua:inglese
Pubblicazione: Laxenburg International Institute for Applied Systems Analysis 1990
Edizione:1. ed.
Tags: Aggiungi Tag
Nessun Tag, puoi essere il primo ad aggiungerne!!

MARC

LEADER 00000nam a2200000 4500
001 c031144
005 20221215113534.1
041 0 |a eng 
044 |a AT 
245 1 0 |a Decision Support and Geographical Information Systems  |c Kurt Fedra, René F. Reitsma 
250 |a 1. ed. 
264 1 |a Laxenburg  |b International Institute for Applied Systems Analysis  |c 1990 
300 |a S. 178-188 
500 |a Separát z: Geographical Information Systems for Urban and Regional Planning, 177-188 
100 1 |a Fedra, Kurt 
700 1 |a Reitsma, René F.